Central Library OPAC University of Rajshahi

Phase diagrams in metallurgy : (Record no. 70004)

MARC details
000 -LEADER
fixed length control field 00852nam a2200265 a 4500
001 - CONTROL NUMBER
control field 70004
003 - CONTROL NUMBER IDENTIFIER
rucl marc code BD-RjUL
005 - DATE AND TIME OF LATEST TRANSACTION
control field 20211209081944.0
008 - FIXED-LENGTH DATA ELEMENTS--GENERAL INFORMATION
fixed length control field 170415s1956 e a 001 0 eng d
020 ## - INTERNATIONAL STANDARD BOOK NUMBER
International Standard Book Number 0070520704
035 ## - SYSTEM CONTROL NUMBER
System control number (BD-RjUL)70216
040 ## - CATALOGING SOURCE
Original cataloging agency BD-RjUL
Language of cataloging eng
Transcribing agency BD-RjUL
041 ## - LANGUAGE CODE
Language code of text/sound track or separate title eng
082 ## - DEWEY DECIMAL CLASSIFICATION NUMBER
Classification number 669
Edition number 23
Author mark and year RHP 1956
100 1# - MAIN ENTRY--PERSONAL NAME
Personal name Rhines, Frederick Nims.
9 (RLIN) 207344
245 10 - TITLE STATEMENT
Title Phase diagrams in metallurgy :
Remainder of title their development and application /
Statement of responsibility, etc. Frederick N. Rhines
260 ## - PUBLICATION, DISTRIBUTION, ETC. (IMPRINT)
Place of publication, distribution, etc. New York ;
-- London :
Name of publisher, distributor, etc. McGraw-Hill,
Date of publication, distribution, etc. 1956
300 ## - PHYSICAL DESCRIPTION
Pagination ix, 340 p. :
Illustrations ill ;
Size 24 cm
490 1# - SERIES STATEMENT
Series statement Metallurgy and metallurgical engineering series
500 ## - GENERAL NOTE
General note Includes index
650 #0 - SUBJECT ADDED ENTRY--TOPICAL TERM
Topical term or geographic name as entry element Metallurgy
9 (RLIN) 207345
Topical term or geographic name as entry element Phase diagrams, Ternary
9 (RLIN) 207346
830 #0 - SERIES ADDED ENTRY--UNIFORM TITLE
Uniform title Metallurgy and metallurgical engineering series
942 ## - ADDED ENTRY ELEMENTS (KOHA)
Source of classification or shelving scheme Dewey Decimal Classification
Koha item type Books
Holdings
Lost status Source of classification or shelving scheme Damaged status Not for loan Collection code Permanent Location Current Location Shelving location Date acquired Source of acquisition Cost, normal purchase price Total Checkouts Full call number Date last seen Copy number Koha item type
  Dewey Decimal Classification   Not For Loan Non-fiction Central Library, University of Rajshahi Central Library, University of Rajshahi Reading Room 21/04/1964 Sweets and zeitlinger 97.00   669 RHP 1956 15/04/2017 C-1 Books
  Dewey Decimal Classification     Non-fiction Central Library, University of Rajshahi Central Library, University of Rajshahi   09/09/1971 Zeitlinger 97.00   669 RHP 1956 15/05/2017 C-2 Books